Resilient Children: Stories of Poverty, Drug Exposure, and Literacy Development (Record no. 23636)
[ view plain ]
| 000 -LEADER | |
|---|---|
| fixed length control field | 00776nam a22002177a 4500 |
| 003 - CONTROL NUMBER IDENTIFIER | |
| control field | OSt |
| 005 - DATE AND TIME OF LATEST TRANSACTION | |
| control field | 20260609122304.0 |
| 008 - FIXED-LENGTH DATA ELEMENTS--GENERAL INFORMATION | |
| fixed length control field | 260609b |||||||| |||| 00| 0 eng d |
| 020 ## - INTERNATIONAL STANDARD BOOK NUMBER | |
| International Standard Book Number | 0872071995 |
| 040 ## - CATALOGING SOURCE | |
| Transcribing agency | Chuka University Library |
| 050 ## - LIBRARY OF CONGRESS CALL NUMBER | |
| Classification number | LB 4806.4 |
| Item number | .B3 1999 |
| 100 ## - MAIN ENTRY--PERSONAL NAME | |
| Personal name | Barone Diane |
| 9 (RLIN) | 27902 |
| 245 ## - TITLE STATEMENT | |
| Title | Resilient Children: Stories of Poverty, Drug Exposure, and Literacy Development |
| 260 ## - PUBLICATION, DISTRIBUTION, ETC. | |
| Place of publication, distribution, etc. | Chicago |
| Name of publisher, distributor, etc. | International Reading Association |
| Date of publication, distribution, etc. | 1999 |
| 300 ## - PHYSICAL DESCRIPTION | |
| Extent | xiii, 241P |
| Other physical details | Illustrations |
| 650 ## - SUBJECT ADDED ENTRY--TOPICAL TERM | |
| Topical term or geographic name entry element | Children and Prenatal Substance Abuse-Education(primary)-Case Studies |
| 9 (RLIN) | 27903 |
| 650 ## - SUBJECT ADDED ENTRY--TOPICAL TERM | |
| Topical term or geographic name entry element | Poor Children- Education-Case Studies |
| 9 (RLIN) | 27904 |
| 650 ## - SUBJECT ADDED ENTRY--TOPICAL TERM | |
| Topical term or geographic name entry element | Reading(primary)-Case Studies |
| 9 (RLIN) | 27905 |
| 650 ## - SUBJECT ADDED ENTRY--TOPICAL TERM | |
| Topical term or geographic name entry element | Literacy-Case Studies |
| 9 (RLIN) | 27906 |
| 942 ## - ADDED ENTRY ELEMENTS (KOHA) | |
| Source of classification or shelving scheme | Library of Congress Classification |
| Koha item type | Long Loan Books |
| Suppress in OPAC | No |
| Withdrawn status | Lost status | Source of classification or shelving scheme | Damaged status | Not for loan | Collection | Home library | Current library | Shelving location | Date acquired | Source of acquisition | Total Checkouts | Full call number | Barcode | Date last seen | Price effective from | Koha item type |
|---|---|---|---|---|---|---|---|---|---|---|---|---|---|---|---|---|
| Library of Congress Classification | General Collection Books | Main Campus Library | Main Campus Library | General Stacks | 09/06/2026 | Donations from Books for Africa | LC 4806.4 .B3 1999 | 33489/2026 | 09/06/2026 | 09/06/2026 | Long Loan Books |
